| 000 | 00598nam a2200193Ia 4500 | ||
|---|---|---|---|
| 999 |
_c3657 _d3657 |
||
| 003 | GBCCL | ||
| 005 | 20241126110459.0 | ||
| 008 | 171130b xxu||||| |||| 00| 0 eng d | ||
| 040 | _cgbc | ||
| 082 |
_aVER 224.107 _bKHA |
||
| 100 |
_aKhamkholun, L. _97255 |
||
| 245 |
_aJawlnei Isai Laibu: _bBung 45-66 / _cL. Khamkholun |
||
| 260 |
_bEvangelical Baptist Convention, _aNew Lamka: _c2004 |
||
| 300 |
_a372p.; _c20 cm. |
||
| 440 |
_aSaptuam' Laisiangthou Hilhchetna _97247 |
||
| 650 |
_aBible _vOld Testament _xIsaiah _yCommentary _97256 |
||
| 650 |
_aSunday School _vAdult _97246 |
||
| 942 |
_e1ST ED _2ddc _cBK |
||